Charles Bonnet : de la vigne au jujubier /

محفوظ في:

المؤلف الرئيسي: Valbelle, Dominique (مؤلف)

التنسيق: كتاب

اللغة: French

منشور في: Paris : Favre, 2014.

الموضوعات:

الوسوم: إضافة وسم

لا توجد وسوم, كن أول من يضع وسما على هذه التسجيلة!

رقم الطلب: DT159 .B75 V35

LEADER 00761nam a22002537a 4500
003 OSt
005 20260419100832.0
008 260419t2014 fr a 100 0bfre d
020 |a 2828914283 
020 |a 9782828914288 
040 |c ARCE Library 
043 |a f-ua---  |a f-sj--- 
050 1 4 |a DT159 .B75  |b V35 
100 1 |a Valbelle, Dominique,   |e author 
245 1 0 |a Charles Bonnet :   |b de la vigne au jujubier /   |c Dominique Valbelle. 
264 1 |a Paris :   |b Favre,   |c 2014. 
300 |a 333 pages :   |b illustrations ;   |c 24 cm. 
600 1 0 |a Bonnet, Charles,  |d 1933-  |v Biography. 
650 0 |a Egyptologists   |v Biography. 
651 0 |a Sinai (Egypt)  |x History  |v Congresses. 
651 0 |a Sudan  |x Antiquities. 
901 |a reviewed 
942 |c BK  |2 lcc 
999 |c 22993  |d 22993